Statistiques concernant Top 15 des pays avec les décès de Covid-19 - 17 décembre

Cliquez ici pour prendre le quiz!

Statistiques générales

  • Ce quiz a été pris 14 fois
  • Le résultat moyen est 12 sur 22

Statistiques - réponses

pays% Correct
Etats-Unis
100%
France
100%
Italie
93%
Russie
93%
Allemagne
86%
Inde
86%
Espagne
79%
Royaume-Uni
79%
Mexique
71%
Belgique
64%
Brésil
64%
Colombie
57%
Argentine
50%
Iran
43%
Pérou
43%
Pologne
43%
Arménie
0%
Bosnie-Herzégovine
0%
Bulgarie
0%
Macédoine du Nord
0%
Slovénie
0%
Tchèquie
0%

Distribution des résultats

Percentile par nombre de réponses

% des personnes avec chaque résultat

Votre développement - résultats

Vous n’avez pas pris ce quiz